000 01903nam0a2200349 i 4500
001 RU\NLR\bibl\1916125
005 20260405123620.0
010 _a9785160054551
_9100
021 _aRU
_b2012-38844
_92881
035 _a(NLR Aleph) 001905617
090 _a3106638
_c3106638
100 _a20120620d2012 u y0rusy50 ca
101 0 _arus
102 _aRU
105 _aa |||||||||
200 1 _aСтруктурно-энерго-временной анализ физических объектов
_eприменение в металловедении и механике
_eмонография
_fВ.Л. Тимофеев
_gМ-во образования и науки Рос. Федерации, Гос. образоват. учреждение высш. проф. образования "Ижев. гос. техн. ун-т"
205 _a5-е изд., испр. и доп.
210 _aМосква
_cИНФРА-М
_d2012
215 _a367, [1] с.
_cил.
_d21
225 1 _aНаучная мысль
_iМеталловедение
300 _aНа 4-й с. обл. авт.: Тимофеев В.Л., д.т.н., проф., засл. деят. науки Удм. Респ.
320 _aБиблиогр.: с. 230-234 (96 назв.) и в конце приложений
606 1 _aМеталлы
_xИсследование
_xФизико-математические методы
_92370773
_3RU\NLR\auth\661415095
606 1 _aМеханические системы
_xИсследование
_xФизико-математические методы
_92370775
_3RU\NLR\auth\661415096
686 _aВ2с
686 _aК204.01
700 1 _4070
_8rus
_7ca
_aТимофеев
_bВ. Л.
_cд-р техн. наук
_f1935-
_gВадим Леонидович
_3RU\NLR\auth\7749240
_932175
801 0 _aRU
_bNLR
_c20120620
_gRCR
801 1 _aRU
_bNLR
_c20120620
942 _cBOOK
980 _aNBR